LDR 00923nam a2200217 i 4500 001 000000103346 003 CaOOAMICUS 005 20260529130240.0 008 010927s1972 it u000 u ita u 040 $aSeMil$bita 245 10$a6: Il secolo Ventesimo /$ca cura di Mario Giovana ... [et al.]. 300 $a898 p., [6] c. di tav., [58] p. di tav. 650 4$aPolitica - Storia - Sec. 20.$0(OLS)http://semarc/subject/31898 650 4$aEconomia - Storia - Sec. 20.$0(OLS)http://semarc/subject/60396 700 1 $aGiovana, Mario.$0(OLS)http://semarc/name/40472 773 0 $tStoria delle idee politiche economiche e sociali.$dTorino : UTET, 1972-1980.$g6$w()6674 850 $aSeMil 852 $aSeMil$W1$xVenegono$y1$mSL1.M VI 6$j59807$B59807$CSeMilBibl$Z2$F44293 $8I 961 $aAcquisto: UTET (Agente) 996 $6245$a6: Il secolo Ventesimo$9(OLS)http://semarc/title/150142